| 000 | 01316nam a2200325 a 4500 | ||
|---|---|---|---|
| 001 | |||
| 003 | DO-SdBNP | ||
| 005 | 20220126104800.0 | ||
| 008 | 100210s2007 dr 001 0 spa d | ||
| 020 | _a9789945020267 | ||
| 040 |
_aDO-SdBNP _bspa _cBPMSU |
||
| 082 |
_a305.42 _bH831e 2007 _222 |
||
| 100 | 1 |
_aHostos, Eugenio María de, _d1839-1903 _95 |
|
| 245 | 1 | 3 |
_aLa educación científica de la mujer / _cEugenio María de Hostos ; presentación y compilación Ramonina Brea del Castillo. |
| 260 |
_aSanto Domingo : _bArchivo General de la Nación, _c2007. |
||
| 300 |
_a136 p. ; _c24 cm. |
||
| 490 | 0 |
_aArchivo General de la Nación _v43 |
|
| 500 | _aIncluye referencias bibliográficas y notas al pie de las páginas | ||
| 500 | _aIncluye índice onómastico | ||
| 590 | _6Inventariado, 2022/VM | ||
| 650 | 4 |
_aEducación de la mujer _xEnsayos, conferencias, etc. |
|
| 650 | 4 |
_aDiscriminación sexual en educación _xEnsayos, conferencias, etc. |
|
| 650 | 4 |
_aMujeres _xCuestiones sociales y morales |
|
| 650 | 4 |
_aDerechos de la mujer _xEnsayos, conferencias, etc. |
|
| 700 | 1 |
_aBrea del Castillo, Ramonina, _epresent. |
|
| 710 | 2 | _aArchivo General de la Nación(República Dominicana) | |
| 810 | z |
_aRepública Dominicana. _bArchivo General de la Nación |
|
| 910 | _a VMateo V. | ||
| 942 |
_2ddc _cBK |
||
| 999 |
_c13978 _d13978 |
||